LEADER 01157nam a2200217 4500 001 000000358209 003 CaOOAMICUS 005 20250211111619.0 008 240503s1960 it 000 u ita r 040 $aSeMil$bita 100 1 $aTramonte, Fedele.$0(OLS)http://semarc/name/119645 245 10$aDiscorso per l'inaugurazione dell'anno giudiziario 1960 pronunciato dinanzi all'Assemblea Generale della Corte di Appello di Milano il 9 gennaio 1960 /$cdott. Fedele Tramonte. 264 1$aBollate :$bZappa,$c1960. 300 $a81 p. ;$c24 cm 650 4$aMilano - Distretto della Corte d'appello - Giustizia - Discorsi.$0(OLS)http://semarc/subject/57114 700 1 $aItalia :$bCorte di appello,$c.$0(OLS)http://semarc/name/114137 850 $aSeMil 852 $aSeMil$W1$xVenegono$y1$m5B VI 7/25$j247868$B249327$CSeMilBibl$Z2$F249327 $81 996 $6245$aDiscorso per l'inaugurazione dell'anno giudiziario 1960 pronunciato dinanzi all'Assemblea Generale della Corte di Appello di Milano il 9 gennaio 1960$9(OLS)http://semarc/title/448516 996 $6264$aBollate :$bZappa$9(OLS)http://semarc/publisher/61716 LEADER 00889nam a2200205 i 4500 001 000000025394 003 CaOOAMICUS 005 20180830125446.0 008 180830s1927 it u000 u ita u 040 $aSeMil$bita 100 1 $aPais, Ettore <1856-1939>.$0(OLS)http://semarc/name/89659 245 10$aStoria di Roma durante le guerre puniche :$bin due volumi /$cEttore Pais. 260 $aRoma :$bOptima,$c1927. 300 $a2 v. ;$c26 cm. 650 4$aRoma - Storia.$0(OLS)http://semarc/subject/1163 773 0 $tBiblioteca di filosofia e scienze.$dRoma : Optima, 1928[?]$w()18557 774 0 $tVolume 1.$kBiblioteca di filosofia e scienze$w()205726 774 0 $tVolume 2.$kBiblioteca di filosofia e scienze$w()205727 996 $6245$aStoria di Roma durante le guerre puniche :$bin due volumi$9(OLS)http://semarc/title/34207 996 $6260$aRoma :$bOptima$9(OLS)http://semarc/publisher/33314